| 000 | 00727nam a2200229Ia 4500 | ||
|---|---|---|---|
| 001 | 19840 | ||
| 003 | GE_BSU | ||
| 008 | 181216s||||||||xx |||||||||||||| ||und|| | ||
| 040 | _cGE_BSU | ||
| 080 | _a02 | ||
| 100 | _aგამრეკელი,გივი | ||
| 245 | _aმოგზაურობა ძველ წიგნსაცავებში | ||
| 245 | _cრედ. ლ.სანიკიძე | ||
| 260 | _aთბილისი | ||
| 260 | _c1991 | ||
| 300 | _a88გვ. | ||
| 541 | _h4ლ. 20თ. | ||
| 653 | _aბიბლიოთეკარი | ||
| 653 | _aმოგზაურობა ძველ წიგნსაცავებში | ||
| 653 | _aქსეროქსი | ||
| 942 | _cBK | ||
| 999 |
_c52810 _d52810 |
||